<An> analysis of external debt and capital flight in the severely indebted low income countries in Sub-Saharan Africa

Saved in:
Bibliographic Details
Main Author: Ajayi, S. Ibi
Format: Book
Language:English
Published: Washington International Monetary Fund 1997
Series:IMF Working Paper WP/97/68
Subjects:
Tags: Add Tag
No Tags, Be the first to tag this record!

MARC

LEADER 00000nam a2200000 4500
001 c100094
005 20221124074419.9
041 0 |a eng 
044 |a US 
245 1 0 |a <An> analysis of external debt and capital flight in the severely indebted low income countries in Sub-Saharan Africa  |c S. Ibi Ajayi 
264 1 |a Washington  |b International Monetary Fund  |c 1997 
300 |a 62 s. 
490 1 |a IMF Working Paper  |v WP/97/68 
830 0 |a IMF Working Paper  |v WP/97/68 
610 2 0 |a kapitál 
610 2 0 |a dlhy 
610 2 0 |a zadlženosť 
610 2 0 |a zadlženosť zahraničná 
610 2 0 |a príjmy 
610 2 0 |a krajiny rozvojové 
610 2 0 |a Afrika 
610 2 0 |a analýza štatistická 
100 1 |a Ajayi, S. Ibi